| 000 | 00434nam a22001817a 4500 | ||
|---|---|---|---|
| 005 | 20250910110526.0 | ||
| 008 | 250910b |||||||| |||| 00| 0 eng d | ||
| 037 | _cTB | ||
| 040 |
_aAL _cAL |
||
| 041 |
_2Eng _aEglish |
||
| 100 |
_aADAMS _9820883 |
||
| 245 | _aDynasty | ||
| 260 |
_bMichigam _c1999 |
||
| 365 |
_b27 _cUSD |
||
| 700 |
_aADAMS _eEditor. _9820883 |
||
| 942 |
_2CC _cTB _n0 |
||
| 999 |
_c1435286 _d1435286 |
||